000 00873nam a2200253 a 4500
005 20250307063819.0
008 010704m19922003mx r 000 0 spa d
020 _a9682444497
035 _aUPN01000142015
049 _aCG
050 4 _aBF311
_bA4.8 GI
100 1 _aAmestoy de Sánchez, Margarita
_928719
245 1 0 _aRazonamiento verbal y solución de problemas :
_bguía del instructor /
_cMargarita A. de Sánchez.
260 _aMéxico :
_bTrillas :
_bITESM,
_c1992 (2003 impr.).
300 _a656 p. :
_bgráfs., tablas
440 0 _aDesarrollo de habilidades del pensamiento
590 _a(También localizas un ejemplar en el "Area de Reserva")
590 _aBibliografía Básica (BGTQ), 2010
650 4 _aCognición
_96446
650 4 _aPensamiento
_95399
650 2 _aSolución de problemas
_92522
650 4 _aRazonamiento
_93600
905 _aLibro
999 _c114162
_d114162